|
|
|
|
| LEADER |
01285nam a2200325 a 4500 |
| 001 |
15981703 |
| 003 |
BD-DhAAL |
| 005 |
20150208122145.0 |
| 008 |
131125s2009 enka b 001 0 eng |
| 010 |
|
|
|a 2009497226
|
| 020 |
|
|
|a 9780521887052
|
| 020 |
|
|
|a 9781107696693
|
| 040 |
|
|
|a DLC
|c DLC
|d DLC
|d BD-DhAAL
|
| 050 |
0 |
0 |
|a QC173.6
|b .S38 2009
|
| 082 |
|
|
|2 23
|a 530.11
|
| 999 |
|
|
|c 14107
|d 14107
|
| 999 |
|
|
|c 14107
|
| 999 |
|
|
|c 14107
|
| 100 |
1 |
|
|a Schutz, Bernard F.
|9 3585
|
| 245 |
1 |
2 |
|a A first course in general relativity /
|c Bernard F. Schutz.
|
| 250 |
|
|
|a 2nd ed.
|
| 260 |
|
|
|a Cambridge ;
|a New York :
|b Cambridge University Press,
|c 2012.
|
| 300 |
|
|
|a xv, 393 p. :
|b ill. ;
|c 24 cm.
|
| 504 |
|
|
|a Includes bibliographical references (p. [378]-385) and index.
|
| 541 |
|
|
|e 27780, 27781
|
| 650 |
|
0 |
|a General relativity (Physics)
|9 3179
|
| 650 |
|
0 |
|a Astrophysics.
|9 3586
|
| 942 |
|
|
|2 ddc
|c BK
|
| 952 |
|
|
|0 0
|1 0
|2 ddc
|4 0
|6 530_110000000000000_SCH
|7 0
|9 23735
|a BRACUL
|b BRACUL
|c GEN
|d 2013-11-25
|e Trim Education
|g 1530.00
|l 6
|m 77
|o 530.11 SCH
|p 3010027780
|r 2026-01-14
|s 2026-01-14
|t 1
|w 2013-11-25
|y BK
|
| 952 |
|
|
|0 0
|1 0
|2 ddc
|4 0
|6 530_110000000000000_SCH
|7 0
|9 23736
|a BRACUL
|b BRACUL
|c GEN
|d 2013-11-25
|e Trim Education
|g 1530.00
|l 6
|m 34
|o 530.11 SCH
|p 3010027781
|r 2026-05-17
|s 2025-11-18
|t 2
|w 2013-11-25
|y BK
|